000
00301nam a2200145Ia 4500
100
_a
Mehta V.G
650
_a
General
942
_c
BK
654
_a
Income Tax
245
_a
Income Tax Ready Reckoner ''''72-73''''
260
_b
none
_c
2001
082
_a
343
300
_a
252
546
_a
ENGLISH
999
_c
18041
_d
18041